| 000 -LEADER |
| fixed length control field |
01119nam a22001457a 4500 |
| 008 - FIXED-LENGTH DATA ELEMENTS--GENERAL INFORMATION |
| fixed length control field |
210806b ||||| |||| 00| 0 eng d |
| 100 ## - MAIN ENTRY--PERSONAL NAME |
| Personal name |
Prager, Elena and Schmitt, Matt |
| 245 ## - TITLE STATEMENT |
| Title |
Employer consolidation and wages: Evidence from hospitals |
| 260 ## - PUBLICATION, DISTRIBUTION, ETC. (IMPRINT) |
| Place of publication, distribution, etc |
The American Economic Review |
| 300 ## - PHYSICAL DESCRIPTION |
| Extent |
3(2), Feb, 2021: p.397-427 |
| 520 ## - SUMMARY, ETC. |
| Summary, etc |
We test whether wage growth slows following employer consolidation by examining hospital mergers. We find evidence of reduced wage growth in cases where both (i) the increase in concentration induced by the merger is large and (ii) workers' skills are industry-specific. In all other cases, we fail to reject zero wage effects. We consider alternative explanations and find that the observed patterns are unlikely to be explained by merger-related changes besides labor market power. Wage growth slowdowns are attenuated in markets with strong labor unions, and wage growth does not decline after out-of-market mergers that leave local employer concentration unchanged. – Reproduced |
| 773 ## - HOST ITEM ENTRY |
| Main entry heading |
The American Economic Review |
| 906 ## - LOCAL DATA ELEMENT F, LDF (RLIN) |
| Subject DIP |
WAGES |
| 942 ## - ADDED ENTRY ELEMENTS (KOHA) |
| Item type |
Articles |